Fisheries and aquaculture certification

Saved in:
Bibliographic Details
Format: Book
Language:English
Published: Paris OECD 2011
Subjects:
Tags: Add Tag
No Tags, Be the first to tag this record!

MARC

LEADER 00000nam a2200000 4500
001 0168950
005 20221108071229.6
020 |a 978-92-64-11961-1 
041 0 |a eng 
044 |a FR 
245 1 0 |a Fisheries and aquaculture certification 
264 1 |a Paris  |b OECD  |c 2011 
300 |a 100 s. 
610 2 0 |a rybolov 
610 2 0 |a potraviny